Nommez les 20 meilleures équipes nationales de football au monde 2024 - Statistiques

Statistiques générales
  • Ce quiz a été pris 2 457 fois
  • Le résultat moyen est 16 sur 20
Statistiques - réponses
Hint Réponse % Correct
2 France
100%
1 Argentine
99%
5 Brésil
97%
8 Espagne
97%
3 Angleterre
94%
7 Portugal
93%
16 Allemagne
92%
9 Italie
92%
4 Belgique
90%
13 Maroc
90%
6 Pays-Bas
83%
10 Croatie
76%
18 Suisse
70%
11 Uruguay
69%
17 Japon
68%
12 États-Unis
66%
20 Sénégal
65%
14 Colombie
63%
15 Mexique
61%
19 Danemark
53%
Aucun quiz correspondant
Distribution des résultats
% des personnes avec chaque résultat
Percentile par nombre de réponses
Votre historique - résultats
Vous n’avez pas pris ce quiz